Střela mimo cíl / (Záznam č. 34209)
| 000 -Návěští | |
|---|---|
| Řídící pole kódované 24B | 01506cam a2200445 i 4500 |
| 001 - Kontrolní číslo | |
| Řídící pole proměnné | nkc20243608716 |
| 003 - Identifikátor kontrolního čísla | |
| Řídící pole proměnné | CZ PrNK |
| 005 - Datum posledního zpracování | |
| Řídící pole 16B | 20260422105447.0 |
| 007 - Pole pevné délky pro fyzický popis | |
| Řídící pole kódované | ta |
| 008 - Údaje pevné délky | |
| Řídící pole kódované 40B | 240521s2024 xr g 000 f cze d |
| 015 ## - | |
| -- | cnb003608716 |
| 020 ## - ISBN | |
| ISBN | 978-80-276-0878-2 |
| -- | (vázáno) |
| 035 ## - | |
| -- | (OCoLC)1445419893 |
| 040 ## - Zdroj katalogizace-agentura | |
| Agentura původní katalogizace | ULG001 |
| Jazyk katalogizace | cze |
| Agentura upravující záznam | BOA001 |
| -- | OLA001 |
| Použitá pravidla popisu | rda |
| 041 1# - Kód jazyka | |
| Kód jazyka textu/zvuku, mezititulků | cze |
| Kód jazyka originálu | eng |
| 072 #7 - Kód předmětové kategorie - Konspekt | |
| Předmětová kategorie | 821.111-3 |
| Zpřesnění předmětové kategorie | Anglická próza, anglicky psaná |
| Zdroj předmětové klasifikace | Konspekt |
| -- | 25 |
| 080 ## - MDT | |
| Klasifikační znak MDT | 821.111-31 |
| Idetifikátor vydání MDT | MRF |
| 080 ## - MDT | |
| Klasifikační znak MDT | (0:82-312.4) |
| Idetifikátor vydání MDT | MRF |
| 044 ## - Kód země vydání/výroby | |
| Kód geografické oblasti/země | xr |
| 100 1# - Hlavní záhlaví - osobní jméno autora | |
| Osobní jméno | Osman, Richard, |
| Datumy související se jménem | 1970- |
| -- | xx0232282 |
| Kód role | aut |
| 9 (RLIN) | 16834 |
| 240 10 - Unifikovaný název | |
| Unifikovaný název | <a href="Bullet that missed.">Bullet that missed.</a> |
| Jazyk díla | Česky |
| 245 10 - Údaje o názvu | |
| Název | Střela mimo cíl / |
| Údaj o odpovědností, atd. | Richard Osman ; z anglického originálu The bullet that missed přeložila Barbara Hajná |
| 250 ## - Údaje o vydání | |
| Označení vydání | Vydání první |
| 264 #1 - Nakladatelské údaje | |
| Místo vydání | [Praha] : |
| Nakladatel | Slovart, |
| Rok vydání | 2024 |
| 300 ## - Fyzický popis | |
| Rozsah | 398 stran ; |
| Rozměry | 22 cm |
| 336 ## - | |
| -- | text |
| -- | txt |
| -- | rdacontent |
| 337 ## - | |
| -- | bez média |
| -- | n |
| -- | rdamedia |
| 338 ## - | |
| -- | svazek |
| -- | nc |
| -- | rdacarrier |
| 655 #7 - Rejstříkový termín - žánr/forma | |
| Žánr/forma či základní termín | anglické romány |
| -- | fd131814 |
| -- | czenas |
| 655 #7 - Rejstříkový termín - žánr/forma | |
| Žánr/forma či základní termín | detektivní romány |
| -- | fd132010 |
| -- | czenas |
| 655 #9 - Rejstříkový termín - žánr/forma | |
| Žánr/forma či základní termín | English fiction |
| -- | eczenas |
| 655 #9 - Rejstříkový termín - žánr/forma | |
| Žánr/forma či základní termín | detective novels |
| -- | eczenas |
| 700 1# - Vedlejší záhlaví - osobní jméno autora | |
| Osobní jméno | Hajná, Barbara |
| -- | xx0084144 |
| Kód role | trl |
| 9 (RLIN) | 13520 |
| 787 08 - | |
| -- | Z cyklu: |
| -- | Čtvrteční klub amatérských detektivů |
| -- | 3 |
| 901 ## - | |
| -- | 9788027608782 |
| -- | 1. vydání |
| -- | 20240614 |
| 998 ## - Místní kontrolní číslo (RLIN) | |
| -- | 003608716 |
| 910 ## - Údaje o vlastníkovi jednotky (exempláře) | |
| Sigla vlastníka jednotky | ABG508 |
| 993 ## - pracovní čísla | |
| -- | 325.00 |
| -- | 469.00 |
| -- | Team Business |
| -- | 2026-04-22 |
| -- | 1076113 |
| Stav ztráty | Zdroj klasifikace pro skladování | Stav poškození |
|---|---|---|
| Universal Decimal Classification |